<The> Impact of Loose Monetary Policy on the Competitiveness of Czech Firms

Analýza vlyvu monetárnej politiky nízkych úrokových sadzieb a devízovej intervencie Českej národnej banky na konkurencieschopnosť nefinančných podnikov v Českej republike.

Gespeichert in:
Bibliographische Detailangaben
1. Verfasser: Kajurová, Veronika
Weitere Verfasser: Linnertová, Dagmar
Format: Buchkapitel
Sprache:Englisch
Schlagworte:
Tags: Tag hinzufügen
Keine Tags, Fügen Sie das erste Tag hinzu!

MARC

LEADER 00000naa a2200000 4500
001 0246700
005 20220715113238.2
041 0 |a eng 
044 |a CZ 
245 1 0 |a <The> Impact of Loose Monetary Policy on the Competitiveness of Czech Firms  |c Veronika Kajurová, Dagmar Linnertová 
520 |a Analýza vlyvu monetárnej politiky nízkych úrokových sadzieb a devízovej intervencie Českej národnej banky na konkurencieschopnosť nefinančných podnikov v Českej republike. 
610 2 0 |a Česko 
610 2 0 |a politika menová 
610 2 0 |a sadzby úrokové 
610 2 0 |a intervencie devízové 
610 2 0 |a banky centrálne 
610 2 0 |a konkurencieschopnosť 
610 2 0 |a podnik 
100 1 |a Kajurová, Veronika 
700 1 |a Linnertová, Dagmar